ბათუმის შოთა რუსთაველის სახელმწიფო უნივერსიტეტის ბიბლიოთეკა

ფილოსოფიის საკითხები : (ბიბ.ჩანაწერი № 49960)

000 -ლიდერი
ფიქსირებული სიგრძის საკონტროლო ველი 01340nam a2200241Ia 4500
001 - საკონტროლო ნომერი
საკონტროლო ველი 16896
003 - საკონტროლო ნომრის იდენტიფიკატორი
საკონტროლო ველი GE_BSU
005 - ბოლო ოპერაციის თარიღი და დრო
საკონტროლო ველი 20200203114642.0
008 - ფიქსირებული სიგრძის მონაცემთა ელემენტები - ზოგადი ინფორმაცია
ფიქსირებული სიგრძის საკონტროლო ველი 181216s2015 xx |||||||||||||| ||geo||
020 ## - წიგნის საერთაშორისო სტანდარტული ნომერი
International Standard Book Number 9789941462054
040 ## - კატალოგიზაციის წყარო
Transcribing agency GE_BSU
041 ## - ენის კოდი
Language code of text/sound track or separate title geo
080 ## - უნივერსალური ათობითი კლასიფიკაციის ინდექსი
Universal Decimal Classification number 1(479.223)(063) ფ-56
245 ## - ცნობა სათაურის შესახებ
Title ფილოსოფიის საკითხები :
Remainder of title კრებული ეძღვნება აკად.კოტე ბაქრაძის დაბადებიდან 115-ე წლისთავს /
Statement of responsibility, etc სარედ. კოლ : ლალი ანთიძე ; ვარდო ბერიძე ; მიხეილ მახარაძე.
264 ## - წარმოების, გამოცემის, დისტრიბუციის და სხვა ცნობები
გამოცემის, წარმოების, დისტრიბუციის... ადგილი ბათუმი :
გამოცემის, წარმოების, დისტრიბუციის... სახელწოდება შოთა რუსთაველის უნი-ტის გამ-ბა,
გამოცემის, წარმოების, დისტრიბუციის... თარიღი 2015.
300 ## - ფიზიკური აღწერა
Extent 114 გვ;
Dimensions 20 სმ.
653 ## - INDEX TERM--UNCONTROLLED
Uncontrolled term ფილოსოფია
653 ## - INDEX TERM--UNCONTROLLED
Uncontrolled term ფილოსოფიის საკითხები
700 ## - ADDED ENTRY--PERSONAL NAME
Personal name ანთიძე, ლალი
Relator term სარედაქციო კოლეგია
9 (RLIN) 6681
700 ## - ADDED ENTRY--PERSONAL NAME
Personal name ბერიძე, ვარდო
Relator term სარედაქციო კოლეგია
9 (RLIN) 5884
700 ## - ADDED ENTRY--PERSONAL NAME
Personal name მახარაძე, მიხეილ
Relator term სარედაქციო კოლეგია
9 (RLIN) 6682
942 ## - ADDED ENTRY ELEMENTS (KOHA)
Koha item type წიგნი
Source of classification or shelving scheme
ეგზემპლარები
ჩამოწერის სტატუსი დაკარგული ეგზემპლარის სტატუსი კლასიფიკაციის წყარო ან თაროზე გაწყობის სქემა დაზიანების სტატუსი არ გაიცემა მუდმივი მდებარეობა (დაცვის ადგილი) ამჟამინდელი ადგილსამყოფელი თაროზე განთავსების ადგილი შეძენის თარიღი ღირებულება, შესყიდვის ნორმალური ფასი სრული შენახვის შიფრი შტრიხკოდი ბოლო ოპერაციის თარიღი ეგზემპლარის მიმდევრობითი ნომერი (კეტერი?) ფასის ძალაში შესვლის თარიღი ეგზემპლარის სახეობა საჯარო შენიშვნა
          ბათუმის შოთა რუსთაველის სახელმწიფო უნივერსიტეტის მთავარი ბიბლიოთეკა ბათუმის შოთა რუსთაველის სახელმწიფო უნივერსიტეტის მთავარი ბიბლიოთეკა წიგნსაცავი 2018-12-17 4.00 1(479.223)(063) ფ-56 45194 2018-12-17 45194 2018-12-17 წიგნი 4ლ. 41თ
          ბათუმის შოთა რუსთაველის სახელმწიფო უნივერსიტეტის მთავარი ბიბლიოთეკა ბათუმის შოთა რუსთაველის სახელმწიფო უნივერსიტეტის მთავარი ბიბლიოთეკა წიგნსაცავი 2018-12-17 4.00 1(479.223)(063) ფ-56 45195 2018-12-17 45195 2018-12-17 წიგნი 4 ლ. 41 თ.
          ბათუმის შოთა რუსთაველის სახელმწიფო უნივერსიტეტის მთავარი ბიბლიოთეკა ბათუმის შოთა რუსთაველის სახელმწიფო უნივერსიტეტის მთავარი ბიბლიოთეკა წიგნსაცავი 2018-12-17 4.00 1(479.223)(063) ფ-56 45196 2018-12-17 45196 2018-12-17 წიგნი 4 ლ. 41 თ.
          ბათუმის შოთა რუსთაველის სახელმწიფო უნივერსიტეტის მთავარი ბიბლიოთეკა ბათუმის შოთა რუსთაველის სახელმწიფო უნივერსიტეტის მთავარი ბიბლიოთეკა წიგნსაცავი 2018-12-17 4.00 1(479.223)(063) ფ-56 45197 2018-12-17 45197 2018-12-17 წიგნი 4 ლ. 41 თ.